| 000 | 00541nam a22001937a 4500 | ||
|---|---|---|---|
| 003 | OSt | ||
| 005 | 20160323143027.0 | ||
| 008 | 160323b xxu||||| |||| 00| 0 eng d | ||
| 020 | _a0852551657 | ||
| 040 | _c040a | ||
| 082 |
_a338.9 _bUNI 1999 |
||
| 245 |
_aAfrican development in comparative perspective / _cJames Currey |
||
| 260 |
_aNew Jersey _bAfrica world press _c1999 |
||
| 300 |
_axiv, 113p; _bill : _c12 cm |
||
| 504 | _aIncludes index | ||
| 650 |
_aAfrican development _97394 |
||
| 700 |
_aCurrey, James _97395 |
||
| 942 |
_2ddc _cSLOAN |
||
| 999 |
_c3300 _d3300 |
||